000
00302nam a2200133Ia 4500
008
220530s9999 xx 000 0 und d
020
_a
8126614633
040
_a
eng
100
_a
IGNOU
_9
60573
245
_a
FON
250
_a
FIRST
260
_a
NAGPUR
_b
IGNOU
_c
2004
650
_a
NURSING FOUNDATION
_9
60574
999
_c
2179
_d
2179